Six Sigma for Dummies (A Reference for the Rest of Us) (Record no. 49333)

MARC details
000 -LEADER
fixed length control field 00474nam a2200169Ia 4500
008 - FIXED-LENGTH DATA ELEMENTS--GENERAL INFORMATION
fixed length control field 230524s9999 xx 000 0 und d
082 ## - DEWEY DECIMAL CLASSIFICATION NUMBER
Classification number 241.644
Item number GYG
100 ## - MAIN ENTRY--AUTHOR NAME
Personal name Craig Gygi
245 #0 - TITLE STATEMENT
Title Six Sigma for Dummies (A Reference for the Rest of Us)
250 ## - EDITION STATEMENT
Edition statement 1ST
260 ## - PUBLICATION, DISTRIBUTION, ETC. (IMPRINT)
Place of publication NEW DELHI
Name of publisher J.Wiley
Year of publication 2006
300 ## - PHYSICAL DESCRIPTION
Number of Pages X;344
500 ## - GENERAL NOTE
General note Quantity Number: 1
650 ## - SUBJECT ADDED ENTRY--TOPICAL TERM
Topical Term Miscellaneous
700 ## - ADDED ENTRY--PERSONAL NAME
Personal name " Neil DeCarlo ,Bruce Williams,,,"
942 ## - ADDED ENTRY ELEMENTS (KOHA)
Koha item type Books
Holdings
Lost status Damaged status Permanent Location Current Location Shelving location Date acquired Full call number Accession Number Koha item type
    Central Library, Trident Academy of Technology Central Library, Trident Academy of Technology General Stacks 05/24/2023 241.644 GYG 42902 Books
Trident Academy of Technology © 2023.
All rights reserved.                                                                                                                                                                                                        Designed by Team of Central Library .

Powered by Koha